| 000 | 00358nam a2200145Ia 4500 | ||
|---|---|---|---|
| 008 | 150201s1994 xx 000 0 und d | ||
| 082 |
_a617.6 _bT1994J |
||
| 100 | _aJAGGER,R.G | ||
| 245 | _aTEMPOROMANDIBULAR JOINT DYSTURICTION | ||
| 250 | _a1ST | ||
| 260 |
_bWRIGHT PUBLICATION _aOXFORD _c1994 |
||
| 300 | _a1-106 | ||
| 650 | _aSURGERY | ||
| 942 |
_2ddc _cBK _01 |
||
| 999 |
_c3853 _d3853 |
||